100 meilleurs coureurs cyclistes de tous les temps - Statistiques

Statistiques générales
  • Ce quiz a été pris 342 fois
  • Le résultat moyen est 30 sur 100
Statistiques - réponses
Place Nationalité Réponse % Correct
1 Belge Eddy Merckx
93%
28 Slovène Tadej Pogačar
88%
4 Français Bernard Hinault
86%
40 Britannique Christopher Froome
76%
31 Espagnol Alberto Contador
74%
98 Néerlandais Adrie Van der Poel
71%
90 Néerlandais Mathieu Van der Poel
71%
7 Français Jacques Anquetil
69%
20 Espagnol Miguel Indurain
67%
11 Italien Fausto Coppi
66%
17 Slovaque Peter Sagan
64%
19 Français Raymond Poulidor
64%
37 Italien Vincenzo Nibali
64%
27 Slovène Primož Roglič
63%
75 Belge Wout Van Aert
63%
53 Français Laurent Fignon
59%
33 Suisse Fabian Cancellara
57%
97 Français Julian Alaphilippe
55%
9 Français Laurent Jalabert
55%
24 Britannique Mark Cavendish
55%
55 Irlandais Stephen Roche
55%
26 Belge Tom Boonen
54%
85 Australien Cadel Evans
52%
6 Espagnol Alejandro Valverde
51%
69 Colombien Nairo Quintana
51%
83 Américain Greg Lemond
50%
2 Irlandais Sean Kelly
49%
32 Français Louison Bobet
48%
10 Italien Gino Bartali
47%
89 Allemand Jan Ullrich
46%
30 Belge Philippe Gilbert
41%
82 Belge Remco Evenepoel
41%
79 Kazakhstanais Alexandre Vinokourov
40%
94 Espagnol Federico Bahamontes
39%
78 Français Bernard Thévenet
37%
44 Espagnol Luis Ocaña
33%
14 Italien Felice Gimondi
32%
99 Norvégien Thor Hushovd
32%
36 Allemand André Greipel
31%
25 Italien Mario Cipollini
31%
16 Allemand Erik Zabel
29%
15 Néerlandais Joop Zoetemelk
29%
5 Belge Roger De Vlaeminck
28%
81 Espagnol Delio Rodríguez
26%
35 Suisse Ferdinand Kübler
26%
3 Italien Francesco Moser
26%
54 Espagnol Joaquim Rodríguez
26%
84 Allemand Tony Martin
26%
52 Espagnol Óscar Freire
25%
74 Suisse Hugo Koblet
23%
8 Belge Rik Van Looy
23%
18 Suisse Tony Rominger
23%
43 Norvégien Alexander Kristoff
21%
96 Italien Marino Basso
21%
34 Italien Alessandro Petacchi
20%
47 Suisse Alex Zülle
20%
21 Italien Alfredo Binda
20%
39 Belge Johan Museeuw
20%
45 Italien Paolo Bettini
20%
62 Français Arnaud Démare
19%
50 Néerlandais Jan Raas
19%
13 Belge Freddy Maertens
18%
48 Australien Robbie McEwen
18%
51 Italien Gianni Bugno
17%
60 Belge Greg Van Avermaet
17%
56 Néerlandais Jan Janssen
17%
87 Français André Darrigade
15%
91 Norvégien Edvald Boasson Hagen
13%
70 Italien Claudio Chiapucci
12%
29 Italien Davide Rebellin
12%
71 Italien Michele Bartoli
12%
72 Luxembourgeois Nicolas Frantz
12%
12 Italien Giuseppe Saronni
11%
23 Italien Costante Girardengo
10%
73 Australien Phil Anderson
10%
59 Belge Rik Van Steenbergen
10%
68 Allemand Rudi Altig
10%
67 Italien Moreno Argentin
9%
66 Français Charly Mottet
8%
42 Italien Fiorenzo Magni
7%
41 Belge Herman Van Springel
7%
80 Italien Maurizio Fondriest
7%
77 Italien Elia Viviani
6%
88 Danois Rolf Sørensen
6%
22 Italien Franco Bitossi
5%
49 Belge Walter Godefroot
5%
64 Belge Eric Vanderaerden
4%
86 Italien Gianni Motta
4%
63 Italien Learco Guerra
4%
38 Espagnol Miguel Poblet
4%
46 Espagnol Domingo Perurena
3%
76 Italien Francesco Casagrande
3%
57 Belge Frans Verbeek
3%
58 Italien Gianbattista Baronchelli
3%
65 Néerlandais Gerrie Knetemann
2%
61 Espagnol Marino Lejarreta
2%
93 Italien Michele Dancelli
2%
100 Espagnol Mariano Cañardo
1%
92 Espagnol Miguel María Lasa
1%
95 Italien Pierino Gavazzi
1%
Aucun quiz correspondant
Distribution des résultats
% des personnes avec chaque résultat
Percentile par nombre de réponses
Votre historique - résultats
Vous n’avez pas pris ce quiz